00785nam a2200229 a 450000100060000000300080000600500170001400800460003103500190007704000410009604100080013708200230014510000330016824500580020126000340025930000260029350000510031965000190037094200120038999900170040195201370041830518BD-RjUL20211209051557.0140410s1960 1950 nyu b 001 0 eng u a(BD-RjUL)30604 aAKRdOCLdUKMdBD-RjULbengcBD-RjUL aeng a171218bHIC 19601 aHill, Thomas English.99271910aContemporary ethical theories /cThomas English Hill. aNew York :bMacmillan,c1950. axii, 368 p. ;c22 cm. aIncludes bibliographical references and index. 0aEthics.992720 2ddccBK c30518d30518 00102ddc40718NFICaRUCLbRUCLcReadingd1962-01-20eZetlingerg41.00l0o171 HIC 1960r2014-04-10 00:00:00tC-1w2014-04-10yBK